00344 2200145 4500001002100000005001500021035002000036245004700056100002800103300001100131260002200142082000800164084001400172990001200186INLIS00000000000202620250527085612 a0010-05250003181 aMenemukan Sains /cJhon Fradon, Ian Graham0 aJhon Fradon, Ian Graham a40 hlm bPakar Raya,c2005 a500 a500 JHO m a0713212